Angola : EIU country profile 2004/2005.
| Format: | Book |
|---|---|
| Published: |
[London]:
The Economist Intelligence Unit,
2004.
|
| Subjects: |
| LEADER | 00429cam a2200145 7i4500 | ||
|---|---|---|---|
| 001 | 0000015039 | ||
| 005 | 20050126090000.0 | ||
| 020 | 0 | 0 | |a 1352-0830 |
| 090 | 0 | 0 | |a ANGL 330.9 |b ANG |
| 245 | 0 | 0 | |a Angola : |b EIU country profile 2004/2005. |
| 260 | 0 | 0 | |a [London]: |b The Economist Intelligence Unit, |c 2004. |
| 300 | # | # | |a 57 p. |
| 650 | 0 | 0 | |a Angola -- |x Country profile |
| 651 | 0 | 0 | |a Angola |
| 999 | |a B000016745 |b Book |c Countries |e Business Information Centre | ||